[Event "Tatry Open"]
[Site "Tatranske Zruby CZE"]
[Date "2010.10.06"]
[Round "6"]
[White "Goga,F"]
[Black "Tyda,K"]
[Result "1-0"]
[WhiteElo "1912"]
[BlackElo "2024"]

1.Nf3 d5 2.g3 c5 3.Bg2 Nc6 4.O-O e5 5.d3 Nf6 6.e4 dxe4 7.dxe4 Qc7 8.Re1 h6
9.Nc3 Bg4 10.Nd5 Qd8 11.c3 Bd6 12.Qc2 O-O 13.Ne3 Be6 14.Bf1 Rc8 15.Nh4 Ne7
16.Nc4 Bb8 17.Nf3 Ng6 18.h3 b5 19.Ne3 Qd7 20.Kh2 Rfd8 21.Nf5 Kh7 22.g4 Nxe4
23.Rxe4 Bd5 24.Ng3 Qc6 25.Nxe5 Qb7 26.Re3 Bxe5 27.Rxe5 Kh8 28.Rh5 Qe7 29.Bg5 f6
30.Bxh6 Bf7 31.Be3+ Kg8 32.Bg2 c4 33.Rxb5 Nh4 34.Rd1 Rd3 35.Rb7 Qd6 36.Rxf7 Rxd1
37.Rxa7 Nxg2 38.Kxg2 Rd3 39.Qe2 Rd8 40.Qf3 Qd5 41.Qxd5+ R3xd5 42.Nf5  1-0

[Event "Karen Asrian Memorial"]
[Site "Jermuk ARM"]
[Date "2010.10.07"]
[Round "3"]
[White "Vorobiov,E"]
[Black "Harutyunian,T"]
[Result "1-0"]
[WhiteElo "2565"]
[BlackElo "2063"]

1.Nf3 d5 2.g3 Nf6 3.Bg2 c6 4.O-O Bg4 5.d3 Nbd7 6.h3 Bh5 7.Qe1 e5 8.e4 dxe4
9.dxe4 Bc5 10.Nh4 O-O 11.Nd2 a5 12.a4 Qc7 13.Nc4 b6 14.Nf5 Rfd8 15.Bd2 Bg6
16.Kh1 Bxf5 17.exf5 Nd5 18.Qe2 Re8 19.Rae1 Kf8 20.c3 Rad8 21.Bg5 Be7 22.Bc1 Bc5
23.Qc2 N7f6 24.Re2 Re7 25.Rfe1 Rde8 26.Nd2 h6 27.Ne4 Nxe4 28.Qxe4 Rc8 29.Qh4 Kg8
30.Bxh6 gxh6 31.Bxd5 cxd5 32.f6 Re6 33.Qxh6 Bf8 34.Qg5+ Kh7 35.Rxe5 Rxe5
36.Rxe5 Qc4 37.Qf5+ Kg8 38.Kg2 Bh6 39.Qh5 Bc1 40.f4 Qe4+ 41.Rxe4 dxe4 42.Qg4+  1-0

[Event "Tatry Open"]
[Site "Tatranske Zruby CZE"]
[Date "2010.10.07"]
[Round "7"]
[White "Susko,P"]
[Black "Obona,J"]
[Result "0-1"]
[WhiteElo "1824"]
[BlackElo "2145"]

1.Nf3 d5 2.g3 Nf6 3.Bg2 c6 4.d3 Bg4 5.O-O Nbd7 6.Bg5 e6 7.Nbd2 Be7 8.c3 O-O
9.Qc2 h6 10.Bxf6 Bxf6 11.e4 Qb6 12.Rfe1 a5 13.e5 Be7 14.Nf1 a4 15.d4 Bf5
16.Qd2 c5 17.h4 Rfc8 18.Ne3 Bh7 19.dxc5 Nxc5 20.Nd4 Nd3 21.Re2 a3 22.bxa3 Bxa3
23.Nd1 Bg6 24.Kh2 Ra4 25.f4 Rxd4 26.cxd4 Qxd4 27.Rb1 Bc5 28.Ne3 Nxf4 29.Qxd4 Bxd4
30.gxf4 Bxb1 31.Ng4 Rc2  0-1

[Event "Continental Class Ch"]
[Site "Arlington USA"]
[Date "2010.10.08"]
[Round "3"]
[White "Perelshteyn,E"]
[Black "Betaneli,A"]
[Result "1-0"]
[WhiteElo "2528"]
[BlackElo "2274"]

1.Nf3 d5 2.g3 Nf6 3.Bg2 c6 4.O-O Bg4 5.d4 Nbd7 6.Nbd2 e6 7.Re1 Be7 8.e4 O-O
9.c3 dxe4 10.Nxe4 Nxe4 11.Rxe4 Bf5 12.Re1 h6 13.Bf4 Qb6 14.Qe2 a5 15.a4 Qb3
16.d5 c5 17.Nd2 Qxb2 18.g4 Bg6 19.dxe6 Nf6 20.Qc4 Nxg4 21.Rab1 Qc2 22.Be4 Bxe4
23.exf7+ Rxf7 24.Nxe4 b5 25.axb5 Rd8 26.Bg3 Nf6 27.b6 Rd4 28.Nxf6+ Bxf6 29.Qxf7+ Kxf7
30.cxd4  1-0

[Event "TCh-SWE Elitserien 2010-11"]
[Site "Sweden SWE"]
[Date "2010.10.08"]
[Round "1"]
[White "Carlhammar,M"]
[Black "Blomqvist,E"]
[Result "1/2-1/2"]
[WhiteElo "2316"]
[BlackElo "2449"]

1.Nf3 d5 2.g3 c6 3.Bg2 Bg4 4.b3 Nd7 5.Bb2 Ngf6 6.d3 e6 7.O-O Bc5 8.Nbd2 O-O
9.e4 dxe4 10.dxe4 e5 11.h3 Bxf3 12.Qxf3 Qe7 13.a4 Rfd8 14.Nc4 Ne8 15.Rfd1 Nd6
16.Bf1 a5 17.Bc3 Nxc4 18.Bxc4 Bd4 19.Rab1 Bxc3 20.Qxc3 Qb4 21.Qxb4 axb4 22.Rd2 Nc5
23.Rbd1 Rxd2 24.Rxd2 Kf8 25.f3 Ke7 26.Kf2 h5 27.Ke3 Rh8 28.h4 Rh6 29.Rd1 Rg6
30.Kf2 Rf6 31.Ke3 Rg6 32.Kf2 Rf6  1/2-1/2

[Event "Schachbundesliga 2010-11"]
[Site "Wattenscheid GER"]
[Date "2010.10.08"]
[Round "7"]
[White "Appel,R"]
[Black "Fiebig,T"]
[Result "1/2-1/2"]
[WhiteElo "2547"]
[BlackElo "2453"]

1.Nf3 d5 2.g3 Nf6 3.Bg2 c6 4.O-O Bg4 5.d3 Nbd7 6.Nbd2 e6 7.e4 Ne5 8.Qe1 Nxf3+
9.Nxf3 dxe4 10.dxe4 Bxf3 11.Bxf3 Qb6 12.c3 a5 13.Rb1 Bc5 14.Bd1 O-O 15.e5 Nd7
16.Bc2 Rfe8 17.h4 Bf8 18.Qe4 g6 19.Rd1 Nc5 20.Qe2 Rad8 21.Bg5 Rxd1+ 22.Qxd1 Qc7
23.Qd4 Nd7 24.Re1 Bc5 25.Qf4 Bf8 26.Qe3 Bc5 27.Qe2 Be7 28.Bxe7 Rxe7 29.h5 Nf8
30.Qe3 Rd7 31.hxg6 Nxg6 32.Re2 Rd5 33.f4 Qd8 34.Kf1 Qf8 35.Bb3 Rd8 36.Qb6 Rd3
37.Qf2 Qh6 38.Kg2 Qg7 39.Kh2 Ne7 40.Bc2 Rd7 41.Rd2 Rxd2 42.Qxd2 Qf8 43.c4 Nf5
44.Bxf5 exf5 45.Qxa5 h6 46.a3 Qe7 47.Qc3 Qd8 48.Qe3 Qd1 49.Qf2 Qd3 50.c5 Kg7
51.Qg2 Qc4 52.Qf2 Qd3 53.a4 Qc4 54.a5 Kg6 55.Qd2 Qxc5 56.b4 Qc4 57.Kg2 Kg7
58.Kh2  1/2-1/2

[Event "Karen Asrian Memorial"]
[Site "Jermuk ARM"]
[Date "2010.10.09"]
[Round "5"]
[White "Gabuzyan,H"]
[Black "Gasparian,N"]
[Result "1-0"]
[WhiteElo "2261"]
[BlackElo "2137"]

1.Nf3 d5 2.g3 Nf6 3.Bg2 g6 4.c4 Bg7 5.cxd5 Nxd5 6.Nc3 O-O 7.O-O Nc6 8.d4 Nb6
9.d5 Na5 10.e4 c6 11.Nd4 cxd5 12.exd5 e6 13.Nb3 Nxb3 14.Qxb3 exd5 15.Nxd5 Be6
16.Rd1 Rc8 17.Be3 Nxd5 18.Bxd5 Bxd5 19.Rxd5 Qf6 20.Rd7 Qxb2 21.Qxb2 Bxb2
22.Rb1 Bc3 23.Bxa7 Rfd8 24.Rbxb7 Rxd7 25.Rxd7 Rc4 26.Be3 Kg7 27.Kg2 Kf6 28.Kf3 h5
29.h3 Ke6 30.Ra7 f6 31.h4 Kf5 32.a4 g5 33.hxg5 fxg5 34.a5 h4 35.gxh4 gxh4
36.a6 Ra4 37.Ra8 h3 38.Kg3 Rg4+ 39.Kh2 Be5+ 40.f4 Bxf4+ 41.Bxf4  1-0

[Event "TCh-NED"]
[Site "Netherlands NED"]
[Date "2010.10.09"]
[Round "2.1"]
[White "Vogel,Ja"]
[Black "Van der Sterren,P"]
[Result "1/2-1/2"]
[WhiteElo "2197"]
[BlackElo "2535"]

1.Nf3 d5 2.g3 c5 3.Bg2 Nf6 4.O-O g6 5.c3 Bg7 6.d4 cxd4 7.cxd4 O-O 8.Ne5 Ng4
9.Bf4 Nc6 10.Nxc6 bxc6 11.Nc3 Qb6 12.h3 e5 13.dxe5 Nxe5 14.Na4 Qb5 15.Rc1 Be6
16.b3 Nd7 17.Re1 Rac8 18.e4 dxe4 19.Rxe4 Rfd8 20.Qe1  1/2-1/2

[Event "Tatry Open"]
[Site "Tatranske Zruby CZE"]
[Date "2010.10.09"]
[Round "9"]
[White "Vukovic,Ivo"]
[Black "Kernazhitsky,L"]
[Result "0-1"]
[WhiteElo "2251"]
[BlackElo "2347"]

1.Nf3 d5 2.g3 Nf6 3.Bg2 c6 4.b3 Bg4 5.Bb2 Nbd7 6.O-O e6 7.d3 Bd6 8.Nbd2 Qe7
9.Qe1 O-O 10.e4 dxe4 11.Nxe4 Ba3 12.Nxf6+ Nxf6 13.Qc1 Bxb2 14.Qxb2 a5 15.a3 h6
16.Ne5 Bf5 17.Qc3 Rfd8 18.Rfe1 Qc7 19.Nc4 Nd5 20.Qe5 Qxe5 21.Rxe5 f6 22.Ree1 Nc3
23.f4 Kf7 24.Ne3 h5 25.a4 Ra6 26.Bf3 Bg6 27.Nc4 Nd5 28.Re2 Nb4 29.Kf2 Kf8
30.Bg2 Bf5 31.Bf3 Bg6 32.Bg2 Raa8 33.Nb6 Ra6 34.Nc4 Raa8 35.Nb6 Rab8 36.Bh3 Bf7
37.Nc4 Rd5 38.Bg2 b6 39.Bxd5 cxd5 40.Nd6 Bg6 41.Nb5 Bf5 42.Nd4 Bg4 43.Re3 Rc8
44.Rh1 Bh3 45.Rd1 Kf7 46.c4 Rd8 47.Rd2 Na6 48.Nf3 Nc5 49.cxd5 exd5 50.Nd4 Bc8
51.Rc2 Ba6 52.Ke2 Re8 53.Rc3 Re4 54.Nc2 d4 55.Rxe4 dxc3 56.Rd4 Nxb3 57.Rd6 Nc5
58.Rxb6 Bxd3+ 59.Kd1 Nxa4 60.Ne1 Nxb6  0-1

[Event "Continental Class Ch"]
[Site "Arlington USA"]
[Date "2010.10.10"]
[Round "7"]
[White "Perelshteyn,E"]
[Black "Kaidanov,G"]
[Result "1/2-1/2"]
[WhiteElo "2528"]
[BlackElo "2575"]

1.Nf3 d5 2.g3 c5 3.Bg2 Nc6 4.d4 Nf6 5.O-O e6 6.b3 Be7 7.Bb2 O-O 8.e3 b5 9.dxc5 Bxc5
10.Qe2 Rb8 11.Nbd2 Qe7 12.e4 Ba3 13.Bxa3 Qxa3 14.e5 Nd7 15.Rfe1 Ba6 16.Nf1 Rbc8
17.Qd2 b4 18.h4 Qb2 19.Rab1 Qc3 20.Qxc3 bxc3 21.a3 d4 22.b4 d3 23.cxd3 c2
24.Rbc1 Bxd3 25.Ne3 Ne7 26.Nd4 Nxe5 27.Nexc2 Nc4 28.Ne3 Nxe3 29.fxe3 e5  1/2-1/2

[Event "Schachbundesliga 2010-11"]
[Site "Baden-Baden GER"]
[Date "2010.10.10"]
[Round "2"]
[White "Werle,J"]
[Black "Gyimesi,Z"]
[Result "1/2-1/2"]
[WhiteElo "2574"]
[BlackElo "2595"]

1.Nf3 d5 2.g3 Nf6 3.Bg2 c6 4.O-O Bg4 5.d3 Nbd7 6.h3 Bh5 7.Qe1 e5 8.e4 dxe4
9.dxe4 Bc5 10.Nbd2 O-O 11.Nc4 Re8 12.a4 Nb6 13.Na5 Qc7 14.Nh4 Nfd7 15.b4 Bf8
16.Nf5 f6 17.Ne3 Bf7 18.c3 Nc8 19.Qe2 Nd6 20.Bd2 a6 21.Rfc1 b6 22.Nac4 Nxc4
23.Nxc4 b5 24.Nb2 Nb6 25.Bf1 Nc4 26.Nxc4 Bxc4 27.Qe1 Qf7  1/2-1/2

[Event "Karen Asrian Memorial"]
[Site "Jermuk ARM"]
[Date "2010.10.10"]
[Round "6"]
[White "Alaverdyan,G"]
[Black "Guramishvili,S"]
[Result "1-0"]
[WhiteElo "2241"]
[BlackElo "2343"]

1.Nf3 d5 2.g3 Bg4 3.Bg2 Nd7 4.c4 e6 5.d4 c6 6.O-O f5 7.Ng5 Qf6 8.Qb3 h6 9.Nxe6 Qxe6
10.cxd5 Qf6 11.Qxb7 Rb8 12.Qxa7 c5 13.Be3 Qb6 14.Qxb6 Rxb6 15.Rc1 c4 16.a4 Bd6
17.a5 Ra6 18.f3 Bh5 19.Rxc4 Ne7 20.Bd2 Nb6 21.Rc1 Nbxd5 22.e4 fxe4 23.fxe4 Nb6
24.e5 Bb8 25.Na3 Nd7 26.Bb4 Kd8 27.Nb5 Be2 28.Nd6 Bxd6 29.exd6 Nc8 30.Bb7 Na7
31.Rc2 Bb5 32.Rac1 Nf6 33.Rc7 Rc6 34.Bxc6 Nxc6 35.Rb7 Ba6 36.Rb6 Nxb4 37.Rxb4 Nd7
38.Rc6 Bd3 39.a6 Rf8 40.a7 Rf1+ 41.Kg2 Be4+ 42.Kxf1 Bxc6 43.Rb8+  1-0

[Event "TCh-SWE Elitserien 2010-11"]
[Site "Sweden SWE"]
[Date "2010.10.10"]
[Round "3"]
[White "Carlhammar,M"]
[Black "Lindberg,Bo"]
[Result "1-0"]
[WhiteElo "2316"]
[BlackElo "2388"]

1.Nf3 d5 2.g3 Bg4 3.Bg2 Nd7 4.c4 e6 5.cxd5 exd5 6.O-O Ngf6 7.d3 Bd6 8.h3 Bh5
9.Nc3 c6 10.e4 O-O 11.Bg5 h6 12.Bxf6 Qxf6 13.exd5 cxd5 14.d4 Nb6 15.Nb5 Rfe8
16.Rc1 Re7 17.Nxd6 Qxd6 18.Re1 Rae8 19.Rxe7 Rxe7 20.Qc2 Qb4 21.Qc5 a5 22.Qxb4 axb4
23.b3 f6 24.Rc5 Be8 25.Kf1 Bc6 26.Ne1 Nd7 27.Rc1 Kf7 28.Nc2 Ke6 29.Re1+ Kd6
30.Rxe7 Kxe7 31.Nxb4 Kd6 32.Nxc6 bxc6 33.Ke2 Kc7 34.h4 Kb6 35.Bh3 Nf8 36.h5 g6
37.Kd3 Kb5 38.Kc3 Ka5 39.a3 Kb5 40.Bf1+ Ka5 41.Bd3 gxh5 42.Bf5 Kb5 43.a4+ Ka5
44.f3 Ka6 45.b4 Kb6 46.Kd3 Kc7 47.Ke3 Kd6 48.a5 Kc7 49.Kf2 h4 50.g4  1-0

[Event "TCh-SWE Elitserien 2010-11"]
[Site "Sweden SWE"]
[Date "2010.10.10"]
[Round "3"]
[White "Eriksson,A"]
[Black "Tikkanen,H"]
[Result "0-1"]
[WhiteElo "2316"]
[BlackElo "2507"]

1.Nf3 d5 2.g3 g6 3.Bg2 Bg7 4.c4 d4 5.d3 e5 6.O-O Ne7 7.b4 O-O 8.Nbd2 a5 9.b5 c5
10.bxc6 Nexc6 11.Ba3 Re8 12.Ne1 Na6 13.Nc2 Ncb4 14.Bxb4 axb4 15.a3 bxa3 16.Rxa3 Rb8
17.Qa1 Bf8 18.Ra2 Nb4 19.Nxb4 Bxb4 20.Qb1 Qe7 21.Ne4 b5 22.Nf6+ Qxf6 23.Qxb4 Be6
24.Rb1 bxc4 25.Qxb8 Rxb8 26.Rxb8+ Kg7 27.dxc4 e4 28.Ra3 Qg5 29.e3 Qc5 30.Rba8 d3
31.Bxe4 d2 32.Bf3 Qxc4 33.Ra1 Qc1+ 34.Kg2 Bc4 35.h4 Bf1+ 36.Kh2 Qe1  0-1

[Event "Schachbundesliga 2010-11"]
[Site "Wattenscheid GER"]
[Date "2010.10.10"]
[Round "2"]
[White "Cioara,A"]
[Black "Bellon Lopez,JuM"]
[Result "1/2-1/2"]
[WhiteElo "2426"]
[BlackElo "2394"]

1.Nf3 d5 2.g3 e6 3.d4 c5 4.Bg2 Nc6 5.O-O Nf6 6.c4 dxc4 7.Qa4 cxd4 8.Nxd4 Qxd4
9.Bxc6+ Bd7 10.Rd1 Bxc6 11.Qxc6+ bxc6 12.Rxd4 Rd8 13.Rxc4 Rd1+ 14.Kg2 Nd5
15.Nc3 Nxc3 16.Rxc3 Be7 17.a3 Kd7 18.Ra2 a5 19.b4 Ra8 20.Rac2 axb4 21.axb4 Bxb4
22.Rxc6 Bd6 23.Be3 g6 24.Rb6 Rb8 25.Ra6 Rb7 26.Ra8 Bb8 27.Bg5 h5 28.Bf6 Rd5
29.e4 Rd3 30.Kf1 e5 31.Ke2 Rd4 32.f3 Ke6 33.Bg5 f6 34.Be3 Rdd7 35.h4 Ba7
36.Bxa7  1/2-1/2

[Event "Continental Class Ch"]
[Site "Arlington USA"]
[Date "2010.10.11"]
[Round "8"]
[White "Adu,O"]
[Black "Gulamali,K"]
[Result "0-1"]
[WhiteElo "2237"]
[BlackElo "2344"]

1.Nf3 d5 2.g3 Bg4 3.Bg2 Nd7 4.O-O e6 5.d3 Bd6 6.Nbd2 Ne7 7.b3 O-O 8.Bb2 a5
9.a4 c6 10.h3 Bh5 11.e4 Re8 12.Qe1 e5 13.Nh4 f6 14.Kh1 Qc7 15.Rg1 Bf7 16.Qe2 b5
17.exd5 cxd5 18.c4 bxa4 19.Rxa4 Bb4 20.cxd5 Qc2 21.Bc1 Nxd5 22.Nf5 Be6 23.Ne3 Qc5
24.Ne4 Qe7 25.Nc4 f5 26.Bg5 Qf8 27.Rxb4 fxe4 28.Rb7 Nc5 29.dxe4 Nc3 30.Qe3 Nxb7
31.Qxc3 Qxf2 32.Nxe5 Rac8 33.Nc4 a4 34.Rf1 Qe2 35.Bc1 Bxc4 36.bxc4 Rxc4 37.Qa1 Rc2
38.Rg1 Nc5 39.Qd4 Nxe4 40.Qd5+ Kh8 41.Bf4 Nf2+ 42.Kh2 Nd3  0-1

[Event "I Memorial Oliver Gonzalez"]
[Site "Madrid ESP"]
[Date "2010.10.12"]
[Round "4"]
[White "Alcazar Jimenez,J"]
[Black "Perez Llera,J"]
[Result "1-0"]
[WhiteElo "2289"]
[BlackElo "2066"]

1.Nf3 d5 2.g3 Nf6 3.Bg2 c6 4.O-O Bf5 5.Nh4 Bc8 6.d3 e5 7.c3 Nbd7 8.a4 a5
9.e4 dxe4 10.dxe4 Qc7 11.Qc2 h6 12.h3 Nc5 13.Be3 Be6 14.Nd2 Rd8 15.b4 Nd3
16.Nb3 axb4 17.a5 c5 18.c4 Nb2 19.Qxb2 Bxc4 20.Rfc1 Bxb3 21.Qxb3 Rc8 22.Bf1 Nxe4
23.Bb5+ Ke7 24.Qd5 Nc3 25.Rxc3 bxc3 26.Bc4 Qd7 27.Bxc5+ Kd8 28.Bb6+ Rc7 29.Qxb7 Bc5
30.Qb8+ Ke7 31.Qxc7 Qxc7 32.Bxc7 Bd4 33.Nf5+  1-0

[Event "Karen Asrian Memorial"]
[Site "Jermuk ARM"]
[Date "2010.10.13"]
[Round "9"]
[White "Gabuzyan,H"]
[Black "Poghosyan,S"]
[Result "0-1"]
[WhiteElo "2261"]
[BlackElo "2335"]

1.Nf3 d5 2.g3 Bg4 3.Bg2 Nd7 4.c4 dxc4 5.Na3 Ngf6 6.Nxc4 c6 7.O-O g6 8.d4 Bg7
9.Qb3 Be6 10.Ng5 Bxc4 11.Qxc4 O-O 12.Bf4 Nb6 13.Qd3 Nh5 14.Rfd1 Nxf4 15.gxf4 Nd5
16.e3 e6 17.Ne4 Qe7 18.a3 Rfd8 19.Rac1 f5 20.Nc5 Kf7 21.Qb3 Rab8 22.Re1 Rg8
23.Nd3 g5 24.e4 fxe4 25.Rxe4 gxf4 26.Kh1 Qh4 27.Rce1 Bf6 28.Bf3 Rg6 29.Rg1 Qh3
30.Qd1 Rh6 31.Rg2 Qh4 32.Bg4 Bh8 33.Nxf4 Nf6 34.Bxe6+ Ke8 35.Qf3 Nxe4 36.Qxe4 Kd8
37.Bf5 Kc7 38.Ne6+ Kd6 39.Qe1 Bxd4 40.Ng5 Rf8 41.Nf3 Qf4 42.Nxd4 Qxd4 43.f3 Qf4
44.Bg4 Kc7 45.Re2 Kb8 46.Qa5 Rd6 47.Re7 Rd1+ 48.Kg2 Rd2+ 49.Kf1 Qc4+  0-1

[Event "I Memorial Oliver Gonzalez"]
[Site "Madrid ESP"]
[Date "2010.10.13"]
[Round "5"]
[White "Piasetski,L"]
[Black "Del Rio de Angelis,S"]
[Result "1/2-1/2"]
[WhiteElo "2303"]
[BlackElo "2515"]

1.Nf3 d5 2.g3 Nf6 3.Bg2 e6 4.O-O Be7 5.d4 O-O 6.c4 c5 7.cxd5 exd5 8.Nc3 Nc6
9.Be3 Ng4 10.Bf4 Be6 11.Na4 c4 12.b3 cxb3 13.axb3 b6 14.Nb2 Nf6 15.Nd3 Ne4
16.Qb1 a5 17.Rc1 Rc8 18.Qb2 Qd7 19.Bd2 Na7 20.Be1 Nb5 21.Nfe5 Qe8 22.Rxc8 Bxc8
23.b4 a4 24.Rxa4 Nxd4 25.Ra8  1/2-1/2

[Event "Lichtenrader Herbst"]
[Site "Berlin GER"]
[Date "2010.10.19"]
[Round "4"]
[White "Radovanovic,J"]
[Black "Zschaebitz,K"]
[Result "1-0"]
[WhiteElo "2305"]
[BlackElo "2053"]

1.g3 d5 2.Nf3 Nf6 3.Bg2 e6 4.O-O Be7 5.d3 O-O 6.Nbd2 Nbd7 7.e4 Bd6 8.Re1 dxe4
9.dxe4 Ng4 10.Nh4 Nge5 11.f4 Bc5+ 12.Kh1 Ng6 13.Nxg6 hxg6 14.e5 Be7 15.h4 Rb8
16.h5 gxh5 17.Qxh5 g6 18.Qh6 Re8 19.Ne4 Bf8 20.Qh3 Be7 21.Be3 Kg7 22.Kg1 Rh8
23.Qg4 b6 24.Rad1 Qf8 25.Kf2 Nc5 26.Nf6 Bb7 27.Rh1 Bxg2 28.Rxh8 Qxh8 29.Kxg2 Bxf6
30.exf6+ Kf8 31.Bxc5+ bxc5 32.Qg5 Qh5 33.Qxh5 gxh5 34.b3 c4 35.Rd7 cxb3 36.axb3 Rc8
37.Kh3 Kg8 38.Kh4 a5 39.Kxh5 c6 40.Kh6 Kf8 41.Ra7 Ke8 42.Kg5 c5  1-0

[Event "GM"]
[Site "Skanderborg DEN"]
[Date "2010.10.19"]
[Round "5"]
[White "Danielsen,Hen"]
[Black "Drazic,S"]
[Result "1-0"]
[WhiteElo "2529"]
[BlackElo "2546"]

1.g3 d5 2.Nf3 g6 3.Bg2 Bg7 4.d4 Nf6 5.c4 O-O 6.cxd5 Nxd5 7.O-O Nb6 8.Nc3 Nc6
9.d5 Na5 10.e4 c6 11.Re1 Re8 12.h3 Bd7 13.Bf4 cxd5 14.exd5 Bxc3 15.bxc3 Ba4
16.Qc1 Nxd5 17.Be5 f6 18.Qh6 e6 19.Ng5 Qe7 20.Bxd5 exd5 21.Bxf6 Qxf6 22.Qxh7+ Kf8
23.Qh4 Kg8 24.Qxa4 Rxe1+ 25.Rxe1 Rf8 26.Re2 Qxg5 27.Qxa5 Rf7 28.Qc5 Kh7 29.Qd4 b6
30.Re8 Rg7 31.Kg2 Qf5 32.Qh4+  1-0

[Event "32nd Open"]
[Site "Arco ITA"]
[Date "2010.10.20"]
[Round "5"]
[White "Moncelli,G"]
[Black "Straubinger,D"]
[Result "1/2-1/2"]
[WhiteElo "2089"]
[BlackElo "2235"]

1.Nf3 d5 2.g3 c6 3.Bg2 Nf6 4.O-O Bg4 5.c4 e6 6.b3 Nbd7 7.Bb2 Bd6 8.d3 O-O
9.Nbd2 e5 10.cxd5 cxd5 11.h3 Bxf3 12.Bxf3 Qe7 13.Bg2 Rac8 14.Rc1 Nb6 15.Rxc8 Rxc8
16.Nf3 Nfd7 17.Qb1 f5 18.Rc1 Rf8 19.e3 Nf6 20.Qa1 Re8 21.Nh4 Qe6 22.Nf3 h6
23.Re1 Kh7 24.Qb1 g6 25.h4 Qf7 26.Qa1 Nbd7 27.d4 e4 28.Ne5 Bxe5 29.dxe5 Ng4
30.Rc1 Ndxe5 31.Bxe5 Nxe5 32.Qd4 Nc6 33.Qc5 Rc8 34.Rd1 Rd8 35.Bf1 Qe6 36.Bb5 Qd6
37.Qc3 Ne7 38.a4 a6 39.Be2 Nc6 40.Rc1 Rc8 41.Rd1 Qe6 42.Qd2 Rd8 43.Qc2 Qd6
44.Rc1 Rd7 45.h5 g5 46.Qc5 Qxc5 47.Rxc5 Ne7 48.b4 Kg7 49.a5 Nc6  1/2-1/2

[Event "Lichtenrader Herbst"]
[Site "Berlin GER"]
[Date "2010.10.20"]
[Round "5"]
[White "Graf,A"]
[Black "Richter,Mic"]
[Result "1/2-1/2"]
[WhiteElo "2606"]
[BlackElo "2459"]

1.Nf3 d5 2.g3 Bg4 3.Bg2 Nd7 4.c4 e6 5.cxd5 exd5 6.O-O Ngf6 7.d3 Bc5 8.Qc2 O-O
9.Nbd2 Qe7 10.Re1 Rfe8 11.a3 Bb6 12.b4 c5 13.bxc5 Nxc5 14.Nb3 Rac8 15.Nxc5 Bxc5
16.Qb2 Bb6 17.a4 Qc5 18.Rf1 d4 19.h3  1/2-1/2

[Event "Lichtenrader Herbst"]
[Site "Berlin GER"]
[Date "2010.10.20"]
[Round "5"]
[White "Koenig,Fr"]
[Black "Jaeschke,J"]
[Result "0-1"]
[WhiteElo "1972"]
[BlackElo "2158"]

1.Nf3 d5 2.g3 Bg4 3.Bg2 Nd7 4.c4 e6 5.cxd5 exd5 6.Qa4 Nf6 7.Ne5 Be6 8.d4 c6
9.O-O Nxe5 10.dxe5 Nd7 11.Nc3 Be7 12.f4 g6 13.Kh1 Nb6 14.Qc2 Qd7 15.e4 d4
16.f5 dxc3 17.fxe6 Qxe6 18.Qxc3 Nd7 19.Bh6 g5 20.Bg7 Rg8 21.Bf6 Bxf6 22.exf6 O-O-O
23.b4 h5 24.b5 c5 25.e5 Qxe5 26.Qf3 Qc7 27.a4 h4 28.g4 h3 29.Bxh3 Rh8 30.Ra3 Ne5
31.Qg3 Ng6 32.Qxc7+ Kxc7 33.Bg2 Nf4 34.Rf2 Rd6 35.Re3 Rxf6 36.Re7+ Kc8 37.Bxb7+ Kb8
38.Bc6 Rd8 39.h3 Rh6 40.Rb7+ Kc8 41.Rxa7 Rd1+  0-1

[Event "Guernsey Open"]
[Site "Grand Havre Bay GBG"]
[Date "2010.10.20"]
[Round "4"]
[White "Spanton,T"]
[Black "Havenaar,J"]
[Result "0-1"]
[WhiteElo "2020"]
[BlackElo "2193"]

1.g3 d5 2.Nf3 Bg4 3.Bg2 Nd7 4.O-O e6 5.d3 Ngf6 6.Nbd2 Be7 7.h3 Bh5 8.e4 c6
9.Qe2 h6 10.c4 Nc5 11.e5 Nfd7 12.d4 Na6 13.c5 Nc7 14.b4 a5 15.bxa5 Rxa5 16.Nb3 Ra4
17.Be3 Qa8 18.Qd2 Nb5 19.Rfc1 Na3 20.g4 Nc4 21.Qd1 Bg6 22.Bf1 b5 23.Ne1 O-O
24.Bd3 Bxd3 25.Nxd3 f6 26.Bf4 fxe5 27.Bxe5 Bg5 28.Rc2 Ncxe5 29.dxe5 Qe8 30.Kg2 Qg6
31.f3 Bf4 32.Re2 Qg5 33.Qe1 Rc4 34.Rd1 h5 35.h4 Qg6 36.g5 Qf5 37.Qf2 Bxe5
38.Na5 Rxh4 39.Qxh4 Qxf3+ 40.Kg1 Qxe2  0-1

[Event "Guernsey Open"]
[Site "Grand Havre Bay GBG"]
[Date "2010.10.21"]
[Round "5"]
[White "Hickman,J"]
[Black "Williams,Pe"]
[Result "0-1"]
[WhiteElo "2012"]
[BlackElo "2132"]

1.Nf3 d5 2.g3 g6 3.Bg2 Bg7 4.O-O e5 5.d3 Ne7 6.Nbd2 O-O 7.e4 c6 8.Re1 Qc7
9.exd5 cxd5 10.c4 Nbc6 11.cxd5 Nxd5 12.Nc4 Rd8 13.Bg5 f6 14.Bd2 Qf7 15.Na5 Nxa5
16.Bxa5 b6 17.Bd2 Bb7 18.Qb3 Re8 19.a4 a5 20.Rac1 Rad8 21.h4 Ba8 22.Qb5 Bf8
23.Nh2 Qd7 24.Qxd7 Rxd7 25.Ng4 Kf7 26.d4 h5 27.Nh6+ Kg7 28.dxe5 fxe5 29.g4 Bb4
30.Bxb4 Nxb4 31.Bxa8 Rxa8 32.g5 Rad8 33.Re2 Nd3 34.Rc6 Rd6 35.Rc7+ R8d7 36.Rc8 Rd4
37.Rec2 Nc5 38.Rc6 R4d6 39.Rxd6 Rxd6 40.Re2 Re6 41.Kg2 Nxa4 42.f4 Nc5 43.f5 gxf5
44.Nxf5+ Kg6 45.Ne3 Nd3 46.Kg3 b5 47.Nd5 b4 48.Kf3 Rd6 49.Ne7+ Kf7 50.Nf5 Rd7
51.Ke4 b3 52.Re3 Nc5+ 53.Kxe5 a4 54.Nd6+ Kg7 55.Kd5 Nb7 56.Kc6 Rxd6+ 57.Kxb7 Rd4
58.Re7+ Kf8 59.Re5 Rxh4 60.Ra5 Kg7 61.Kc6 Kg6 62.Kb5 Kxg5 63.Ra8 Rf4 64.Rg8+ Kh4
65.Rg7 Kh3 66.Rd7 h4 67.Rd3+ Kg4  0-1

[Event "WY Boys-U12"]
[Site "Porto Carras GRE"]
[Date "2010.10.21"]
[Round "2.10"]
[White "Williams,Justus D"]
[Black "Mkrtchyan,Mikayel"]
[Result "0-1"]
[WhiteElo "2155"]
[BlackElo "1915"]

1.Nf3 d5 2.g3 Bg4 3.Bg2 c6 4.c4 e6 5.O-O Nf6 6.d4 Bd6 7.Nc3 O-O 8.b3 Nbd7
9.Bb2 a5 10.Nd2 h6 11.Rc1 e5 12.cxd5 exd4 13.Nce4 Be5 14.f3 Nxe4 15.Nxe4 cxd5
16.Nf2 Be6 17.Bxd4 a4 18.f4 Bxd4 19.Qxd4 Qb6 20.Qxb6 Nxb6 21.Rc7 axb3 22.axb3 Ra3
23.Rxb7 Rxb3 24.Nd3 Bc8 25.Bxd5 Rxd3 26.exd3 Nxd5 27.Ra7 Bf5 28.d4 Be4 29.Re1 f5
30.Rc1 Rb8 31.Ra2 Rb4 32.Rd2 Kf7 33.Kf2 g5 34.fxg5 hxg5 35.Ra1 Rb3 36.Ra7+ Kg6
37.Ra6+ Kh5 38.Re6 Rf3+ 39.Ke2 Re3+ 40.Kf2 Rf3+ 41.Ke2 Kg4 42.Re8 Nb4 43.Rd1 Rb3
44.Rd2 Bf3+ 45.Kf2 Nd3+ 46.Rxd3 Rxd3 47.Rh8 Rd2+ 48.Ke3 Rd1 49.Kf2 Rd2+ 50.Ke3 Ra2
51.Rf8 Rxh2  0-1

[Event "WY Boys-U16"]
[Site "Porto Carras GRE"]
[Date "2010.10.21"]
[Round "2.6"]
[White "Bajarani,U"]
[Black "Hasenohr,B"]
[Result "1-0"]
[WhiteElo "2408"]
[BlackElo "2181"]

1.Nf3 d5 2.g3 Nf6 3.Bg2 Bf5 4.O-O e6 5.d3 Be7 6.b3 h6 7.Bb2 O-O 8.c4 c6 9.Nbd2 Nbd7
10.Re1 Bh7 11.Qc2 a5 12.a3 Rc8 13.Rac1 b5 14.cxb5 cxb5 15.Qb1 Qb6 16.Qa1 Bc5
17.Bd4 b4 18.axb4 axb4 19.Qb2 Rc7 20.Bxc5 Nxc5 21.Qd4 Rfc8 22.Ra1 Ne8 23.Ra2 Nd6
24.Rea1 Nb5 25.Qxb4 Bxd3 26.Bf1 Be4 27.Nd4 Rb8 28.Nxb5 Qxb5 29.Qxb5 Rxb5
30.Rc1 Rcb7 31.e3 Nxb3 32.Rc8+ Kh7 33.Nxe4 dxe4 34.Bxb5 Rxb5 35.Rb2 Nd4 36.Rxb5 Nxb5
37.Rc4 Kg6 38.Rxe4 Nc3 39.Rc4 Nd5 40.e4 Nf6 41.f3 h5 42.h4  1-0

[Event "Guernsey Open"]
[Site "Grand Havre Bay GBG"]
[Date "2010.10.22"]
[Round "6"]
[White "Hillarp Persson,T"]
[Black "Pert,N"]
[Result "1/2-1/2"]
[WhiteElo "2517"]
[BlackElo "2561"]

1.Nf3 d5 2.g3 Nf6 3.Bg2 g6 4.c4 c6 5.Qa4 Nbd7 6.cxd5 Nb6 7.Qb3 Qxd5 8.Nc3 Qxb3
9.axb3 Bg7 10.Ne5 O-O 11.Nc4 Bd7 12.O-O Nbd5 13.d4 Nb4 14.Bg5 Nc2 15.Rad1 h6
16.Bf4 Nb4 17.e4 Be6 18.d5 Bg4 19.Rd2 g5 20.Be3 cxd5 21.exd5 Nd7 22.d6 Nc6
23.dxe7 Nxe7 24.Re1 Ng6 25.Bxb7 Rab8 26.Bd5 Rxb3 27.Bd4 Bxd4 28.Rxd4 Nf6
29.Bg2 Be6 30.Nd5 Nxd5 31.Bxd5 Bxd5 32.Rxd5 Rc8 33.Re4 Rb4 34.Nd6 Rxe4 35.Nxe4 Rb8
36.Nf6+ Kg7 37.Nh5+ Kf8 38.Ra5 Rxb2 39.Rxa7 Ne5 40.h3 Nd3 41.Ra8+  1/2-1/2

[Event "Guernsey Open"]
[Site "Grand Havre Bay GBG"]
[Date "2010.10.23"]
[Round "7"]
[White "Hickman,J"]
[Black "Collier,D"]
[Result "1/2-1/2"]
[WhiteElo "2012"]
[BlackElo "2115"]

1.Nf3 d5 2.g3 Bg4 3.Bg2 Nd7 4.d3 Ngf6 5.Nbd2 e5 6.e4 dxe4 7.dxe4 Bc5 8.O-O O-O
9.h3 Bh5 10.Qe2 Ne8 11.Nb3 Bb6 12.Bd2 a5 13.a4 f6 14.Be3 Nd6 15.Rfd1 Bf7
16.Nbd2  1/2-1/2

[Event "Unive Open"]
[Site "Hoogeveen NED"]
[Date "2010.10.23"]
[Round "2"]
[White "Stavast,D"]
[Black "Pijpers,A"]
[Result "0-1"]
[WhiteElo "2048"]
[BlackElo "2248"]

1.Nf3 d5 2.g3 Bg4 3.Bg2 Nd7 4.d3 Ngf6 5.Nbd2 e5 6.e4 dxe4 7.dxe4 Bc5 8.O-O O-O
9.c3 Qe7 10.Qc2 b5 11.Re1 Rfd8 12.Nf1 a6 13.Ne3 Bxe3 14.Bxe3 Nc5 15.b4 Ncd7
16.Nd2 c5 17.a3 Rac8 18.Qb2 c4 19.a4 Nf8 20.axb5 axb5 21.Ra5 Bd7 22.Bc5 Qe6
23.Ra7 Bc6 24.Re7 Qg4 25.Rxe5 Ng6 26.Rf5 Nxe4 27.Bxe4 Bxe4 28.Nxe4 Qxf5 29.Nd6 Rxd6
30.Bxd6 Qd5 31.Bf4 Nxf4 32.gxf4 h6 33.Qe2 Rc6 34.Qe8+ Kh7 35.Qe4+ Rg6+ 36.Kh1 Qd2
37.Qe3 Qd5+ 38.Qe4 Qd2 39.Qe3 Qc2 40.Rc1 Qf5 41.Rg1 Qd5+  0-1